000
002410000a22000970004500
100
1
_a
Reyes, Napoleón
245
1
0
_a
Apuntes para pastoral campesina
300
_a
Núm 6 (1995), Páginas 79-93
773
0
_t
Mision evangélica hoy
942
_c
ANA
999
_c
51877
_d
51877